000 00636nam a2200253Ia 4500
003 OSt
005 20221007105138.0
006 a|||||r|||| 00| 0
007 ta
008 221006b |||||||| |||| 00| 0 eng d
024 _a17,753
037 _cTextual
040 _aLCO
_cLCO
_beng
041 _2eng
_aeng
082 _aZ2,315, L9
100 _aParekh P.C
_9706475
245 0 _aTax Planning through Partnership
250 _a1st
260 _aBombay
_bSwati Publication India
_c1979
300 _a548
650 _aPARTNERSHIP
942 _hZ2,315, L9
_cTEXL
999 _c1187316
_d1187316